LIBRARY ONLINE CATALOGUE

Robotic surgery / (Record no. 9753)

MARC details
000 -LEADER
fixed length control field 00756nam a22002292 4500
001 - CONTROL NUMBER
control field 0000023232
005 - DATE AND TIME OF LATEST TRANSACTION
control field 20151217152237.0
008 - FIXED-LENGTH DATA ELEMENTS--GENERAL INFORMATION
fixed length control field 120903s xx 000 0 eng d
020 ## - INTERNATIONAL STANDARD BOOK NUMBER
International Standard Book Number 0071459129 :
040 ## - CATALOGING SOURCE
Original cataloging agency KABU
Transcribing agency KABU
245 10 - TITLE STATEMENT
Title Robotic surgery /
Statement of responsibility, etc. Farid Gharagozloo, Farzad Najam (eds)
260 ## - PUBLICATION, DISTRIBUTION, ETC. (IMPRINT)
Place of publication, distribution, etc. New York :
Name of publisher, distributor, etc. McGraw - Hill,
Date of publication, distribution, etc. 2009.
300 ## - PHYSICAL DESCRIPTION
Extent 418 p.
650 #0 - SUBJECT ADDED ENTRY--TOPICAL TERM
Topical term or geographic name as entry element Surgical robots.
-- 0000182573
700 1# - ADDED ENTRY--PERSONAL NAME
Personal name Gharagozloo, Farid.
-- 0000182574
700 1# - ADDED ENTRY--PERSONAL NAME
Personal name Najam, Farzad.
-- 0000182575
852 1# - LOCATION
-- p5,500 KES
852 1# - LOCATION
-- p5,500 KES
852 1# - LOCATION
-- p5,500 KES
908 ## - PUT COMMAND PARAMETER (RLIN)
Put command parameter 120903
950 ## - LOCAL HOLDINGS (RLIN)
-- 1
Holdings
Withdrawn status Lost status Source of classification or shelving scheme Not for loan Home library Current library Date acquired Total Checkouts Full call number Barcode Date last seen Price effective from Koha item type Date last checked out
    Library of Congress Classification   Kabarak, Main Campus Kabarak, Main Campus 17/12/2015   RD73 .S87R67 2009 c.2 013662 17/12/2015 17/12/2015 General Collection  
    Library of Congress Classification   Kabarak, Main Campus Kabarak, Main Campus 17/12/2015   RD73 .S87R67 2009 c.3 013663 17/12/2015 17/12/2015 General Collection  
    Library of Congress Classification   Kabarak, Main Campus Kabarak, Main Campus 17/12/2015 1 RD73 .S87R67 2009 c.1 013661 28/09/2017 17/12/2015 General Collection 22/09/2017